Mlčanlivosť zamestnancov
V tomto článku analyzujeme povinnosť zamestnanca v pracovnom pomere zachovávať mlčanlivosť o skutočnostiach, o ktorých sa dozvedel pri výkone zamestnania a ktoré v záujme zamestnávateľa nemožno oznamovať iným osobám podľa zákona č. 311/2001 Z. z. Zákonník práce (ďalej ako „Zákonník práce“), a to vo...
Uložené v:
| Hlavný autor: | |
|---|---|
| Médium: | Kapitola |
| Jazyk: | Slovak |
| Predmet: | |
| Tagy: |
Žiadne tagy, Buďte prvý, kto otaguje tento záznam!
|
MARC
| LEADER | 00000naa a2200000 4500 | ||
|---|---|---|---|
| 001 | 0308713 | ||
| 005 | 20250523090154.0 | ||
| 041 | 0 | |a slo | |
| 044 | |a SK | ||
| 245 | 1 | 0 | |a Mlčanlivosť zamestnancov |c Juraj Kočiš |
| 520 | |a V tomto článku analyzujeme povinnosť zamestnanca v pracovnom pomere zachovávať mlčanlivosť o skutočnostiach, o ktorých sa dozvedel pri výkone zamestnania a ktoré v záujme zamestnávateľa nemožno oznamovať iným osobám podľa zákona č. 311/2001 Z. z. Zákonník práce (ďalej ako „Zákonník práce“), a to vo svetle rozhodovacej praxe súdov. | ||
| 610 | 2 | 0 | |a tajomstvo profesijné |
| 610 | 2 | 0 | |a zamestnanci |
| 610 | 2 | 0 | |a pomer pracovný |
| 610 | 2 | 0 | |a právo pracovné |
| 610 | 2 | 0 | |a zákonník práce |
| 100 | 1 | |a Kočiš, Juraj | |